00337nam a2200133Ia 4500008004100000041000800041082001700049100002000066245004400086250000600130260004700136300000800183650001200191230516s2006 xx 000 0 und d amar a621.381`95 1 aVIRKAR PRATIBHA aMAHITI SAMPARK TANTRADNYAN ANI SHIKSHAN aI aPUNEbPUNE VIDYARTHI GRUHA PRAKASHANc2006 a332 aCMPUTER